<?xml version="1.0" encoding="UTF-8"?><?xml-stylesheet type="text/xsl" href="static/style.xsl"?><OAI-PMH xmlns="http://www.openarchives.org/OAI/2.0/" xmlns:xsi="http://www.w3.org/2001/XMLSchema-instance" xsi:schemaLocation="http://www.openarchives.org/OAI/2.0/ http://www.openarchives.org/OAI/2.0/OAI-PMH.xsd"><responseDate>2026-06-06T05:01:42Z</responseDate><request verb="GetRecord" identifier="oai:riuma.uma.es:10630/9309" metadataPrefix="marc">https://riuma.uma.es/rest/oai/request</request><GetRecord><record><header><identifier>oai:riuma.uma.es:10630/9309</identifier><datestamp>2026-02-03T11:55:15Z</datestamp><setSpec>com_10630_2254</setSpec><setSpec>col_10630_37959</setSpec></header><metadata><record xmlns="http://www.loc.gov/MARC21/slim" xmlns:dcterms="http://purl.org/dc/terms/" xmlns:doc="http://www.lyncode.com/xoai" xmlns:xsi="http://www.w3.org/2001/XMLSchema-instance" xsi:schemaLocation="http://www.loc.gov/MARC21/slim http://www.loc.gov/standards/marcxml/schema/MARC21slim.xsd">
   <leader>00925njm 22002777a 4500</leader>
   <datafield ind2=" " ind1=" " tag="042">
      <subfield code="a">dc</subfield>
   </datafield>
   <datafield ind2=" " ind1=" " tag="720">
      <subfield code="a">Franco-Caballero, Pablo Daniel</subfield>
      <subfield code="e">author</subfield>
   </datafield>
   <datafield ind2=" " ind1=" " tag="720">
      <subfield code="a">Leiva-Olivencia, Juan José</subfield>
      <subfield code="e">author</subfield>
   </datafield>
   <datafield ind2=" " ind1=" " tag="720">
      <subfield code="a">Matas-Terrón, Antonio</subfield>
      <subfield code="e">author</subfield>
   </datafield>
   <datafield ind2=" " ind1=" " tag="260">
      <subfield code="c">2015-03-04</subfield>
   </datafield>
   <datafield ind2=" " ind1=" " tag="520">
      <subfield code="a">This paper shows the conclusion from a review study about the digital learning needs of elder people. In developed countries a process of population ageing is occuring. The interesting feature of this ageing process is that despite their elderly status, their physical and mental healthiness are optimal and their quality of life is high, as is their economic capacity to access to goods and services.&#xd;
&#xd;
This reality is changing the developed societies structure and their identity. Specifically, the extension of productive activity by people as well as an extension of leisure culture.&#xd;
&#xd;
Literature consulted highlights the productive life extension needs be supported by a learning process throughout whole life. Also, leisure culture requires people to acquire and develop the digital skills needed in order to access to new media entertainments. Furthermore, critical ability in regards to selection and consumption of these goods and services needs to be active.&#xd;
&#xd;
The different papers and documents reviewed have been analyzed into a discussion group. The main conclusions are:&#xd;
- The learning content must be defined from specific learning needs from elder people.&#xd;
- The hardware and sets must be adapted to perceptive abilities elder people.&#xd;
- Software must be user friendly and efficient.&#xd;
&#xd;
Finally, it is necessary to develop a theoretical framework in order to gain enough support to design teaching activities. This framework will guide the performance of teaching actions as well as the programs evaluations.</subfield>
   </datafield>
   <datafield ind1="8" ind2=" " tag="024">
      <subfield code="a">http://hdl.handle.net/10630/9309</subfield>
   </datafield>
   <datafield tag="653" ind2=" " ind1=" ">
      <subfield code="a">Ancianos</subfield>
   </datafield>
   <datafield tag="653" ind2=" " ind1=" ">
      <subfield code="a">Alfabetización tecnológica</subfield>
   </datafield>
   <datafield ind2="0" ind1="0" tag="245">
      <subfield code="a">Digital learning needs of elder people: a review study</subfield>
   </datafield>
</record>
</metadata></record></GetRecord></OAI-PMH>